00392nam a2200145Ia 4500100002300000942000700023654001600030245003600046260001700082082001600099300000800115546001200123999001700135952009400152 aGallian/ Joseph A  cBK amathematics aContemporary Abstract Algebra bNarosac1998 a512.02bGAL a583 aENGLISH c34716d34716 001040708CRCaCRCEbCRCEd2023-03-17l0o512.02 GALp11267r2023-03-17w2023-03-17yBK